000 00502nam a2200241Ia 4500
003 IT-RoPAU
008 120407s9999 xx 000 0 und d
040 _aIT-RoPAU
040 _cIT-RoPAU
041 _aita
100 _aAnthony Bullen
245 _aGenitori, figli e Dio.
250 _aMilano
260 _aEdizioni Paoline
260 _c1973
300 _a204 p.
300 _c18 cm
490 _aLa famiglia
490 _v163
600 _a1. Titolo
942 _cBK
999 _c28512
_d28512